| 000 | 01345nam a2200385 c 4500 | ||
|---|---|---|---|
| 001 | 44985 | ||
| 003 | ES-MaCES | ||
| 005 | 20250121040011.0 | ||
| 008 | 140729s2013 sp o100 | spa d | ||
| 017 |
_aM 20873-2013 _bDL |
||
| 024 | 7 |
_a685-13-017-0 _2nipo |
|
| 040 |
_aES-MaCES _bspa _cES-MaCES |
||
| 111 | 2 |
_aEncuentro Nacional de Casas de Acogida para Mujeres Víctimas de Violencia de Género _d2012 _cCáceres _935130 |
|
| 245 | 1 | 0 |
_aHacia una red nacional de casas de acogida _cEncuentro Nacional de Casas de Acogida para Mujeres Víctimas de Violencia de Género, Extremadura 2012 |
| 260 |
_aMadrid _bInstituto de la Mujer _c2013 |
||
| 300 |
_a107 p. _c30 cm |
||
| 490 | 1 |
_aDebate _v53 |
|
| 541 | _cGratuito | ||
| 650 | 4 |
_amujeres _928657 |
|
| 650 | 4 |
_aviolencia _929388 |
|
| 650 | 4 |
_amalos tratos _930808 |
|
| 650 | 4 |
_apolítica social _927029 |
|
| 650 | 4 |
_aorganización institucional _927196 |
|
| 650 | 4 |
_adesarrollo institucional _929802 |
|
| 650 | 4 |
_aEspaña _926964 |
|
| 650 | 4 |
_aplan de acción _930406 |
|
| 650 | 4 |
_aestudio de casos _928846 |
|
| 650 | 4 |
_aconferencia _927013 |
|
| 653 | 1 | 0 | _aMujer |
| 650 | 4 |
_927056 _aservicios sociales |
|
| 710 | 2 |
_aInstituto de la Mujer (España) _eed. _94190 |
|
| 830 | 0 |
_aDebate (Instituto de la Mujer (España)) _v53 _932789 |
|
| 902 | _aLIB Libro | ||
| 942 |
_2CES _cBK _h3.3. |
||
| 999 |
_c44985 _d44985 |
||